Načítá se...

Biotechnology from A to Z

Podrobná bibliografie
Hlavní autor: Bains, William
Médium: Printed Book
Vydáno: Oxford, University press 1998
Vydání:Ed.2
Témata:
LEADER 005170000a22001690004500
020 |a 0-19-963693-1 
082 |a 620.8 BAI 
100 |a Bains, William  |9 134425 
245 |a Biotechnology from A to Z 
250 |a Ed.2 
260 |a Oxford, University press 
260 |c 1998 
650 |a Biotechnology  |9 134426 
650 |a Dictionaries  |9 134427 
942 |c BK 
999 |c 176809  |d 176805 
952 |0 0  |1 0  |4 0  |6 620_800000000000000_BAI  |7 0  |9 175232  |a SES  |b SES  |d 2019-05-16  |l 1  |o 620.8 BAI  |p SES00813  |r 2020-02-04  |s 2020-01-10  |w 2019-05-16  |y BK